00487nam a2200181 a 450000100060000000300090000600800410001502000150005604000280007108200140009910000200011324500440013326000520017730000130022949000240024265000260026665000130029213488CO-ViMGA141112s2004 ck r 000 u spa d a0830632824 aCO-ViMGAbspacCO-ViMGA04a531 W883e1 aWood, Robert W.10a49 experimentos sencillos de mecánica aSantafé de Bogotá : bMcgraw - Hill, c1999 a74P. ils aFisica para niños14aFISICA - EXPERIMENTOS14aMECANICA